00390 a2200133 450000100060000002000180000604000220002410000290004624000530007524500480012830000080017636200090018465000630019367366 a9788538805069 cAnchieta - Pituba aMoraes, Marcia de Souza 10aAssistência de enfermagem em infectologialpor10aAssistência de enfermagem em infectologia a4380 a2014 4a.  Estudo, pesquisa, enfermagem e tópicos relacionados